00254nam a2200121Ia 4500100003700000250000600037654001600043245001700059260002100076082001500097300000800112546001200120 aSiyan/ Karanjit/ Weaver/James L  aI aInside java aInside Java bNew Ridersc1997 a5.133bSIY a912 aENGLISH